LEADER 01330cam0-22003611i-450- 001 990004776510403321 005 20150408131438.0 012 $aose, esa- T.s? V.Hi (3) 1827 (R)$2fei$5IT-NA0105 035 $a000477651 035 $aFED01000477651 035 $a(Aleph)000477651FED01 035 $a000477651 100 $a19990604d1827----km-y0itay50------ba 101 0 $alat 102 $aDE$aGB 140 $aa-------------------bb0----- 200 1 $aP. Papinii Statii Libri quinque Silvarum. Ex vetustis exemplaribus recensuit et notas atque emendationes adjecit Jer. Marklandus ... 205 $aEditio auctior indicibusque instructa 210 $aDresdae$cLibraria Wagneria$aLondini$cprostat apud Treuttel & Wurtz, Treuttelii fil. & Richter, Soho square n. 30,$d1827 215 $aXXXIII [i.e. XXX], [2], 423, [1] p.$d25 cm 307 $aSaltate nella numerazione le pp. XXII e XXVI 500 10$aSilvae$916721 700 1$aStatius,$bPublius Papinius$f<40-96 ca>$0171438 702 1$aMarkland,$bJeremiah$f<1693-1776> 719 00$aWagner$4650 719 00$aTreuttel,$bJean Georges & Würtz, Jean Godefroy$4650 801 0$aIT$bUNINA$gRICA$2UNIMARC 901 $aAQ 912 $a990004776510403321 952 $aSG 870/B 197$bR.Bibl. 3253$fFLFBC 959 $aFLFBC 996 $aSilvae$916721 997 $aUNINA LEADER 00826cam0 22002653 450 001 SOB007895 005 20201022073025.0 100 $a20040211d1954 |||||ita|0103 ba 101 $aita 102 $aIT 200 1 $aLeoncillo Leonardi$fRoberto Longhi 210 $aRoma$cDe Luca Editore$d1954 215 $a26 p.$d24 cm 225 2 $aArtisti d'oggi 410 1$1001LAEC00016996$12001 $a*Artisti d'oggi 700 1$aLonghi$b, Roberto$3AF00004551$4070$036305 801 0$aIT$bUNISOB$c20201022$gRICA 850 $aUNISOB 852 $aUNISOB$j700|Coll|7|K$m14019 912 $aSOB007895 940 $aM 102 Monografia moderna SBN 941 $aM 957 $a700|Coll|7|K$b000005$gSI$d14019$1catenacci$2UNISOB$3UNISOB$420180524150411.0$520180524150421.0$6catenacci 996 $aLeoncillo Leonardi$91677373 997 $aUNISOB